000 00516nam a22002057a 4500
005 20251108175154.0
008 250721s9999 xx 000 0 eng d
020 _a721417086
082 1 4 _aJ/372.3/HAN
100 1 _ahannaford, priscilla
245 1 0 _aSea Animals /
264 1 _aLONDON :
_bladybird,
_c[200-].
300 _a30 P.
490 0 _ayoung discovery
650 1 7 _aANIMALS
653 _aناشئون صغار ( 10 - 14 سنة )
653 _asea animals
942 _2ddc
_cBK
999 _c127870
_d127870